01269nam a22002777i 4500003000900000008004100009020002200050040007100072082002100143100003200164245006400196260007000260300002900330500004000359505033700399650002000736650003000756650002300786650001400809650001100823650002900834700002700863700003900890700002700929700003500956AR-CdUCM240916b20222022 pe||||| |||| 00| 0 spa d a978-612-4236-34-1 aMUNICIPALIDAD PROVINCIAL DEL CUSCOcBIBLIOTECA MUNICIPAL DEL CUSCO a633.1 / D48bD48 aDel Carpio Jiménez, Carla aAceites de granos andinos y su potencial uso cosmético /  aCusco :bUniversidad Nacional de San Antonio Abad del Cuscoc2022 a158 páginas. :c24 cm. zBibliografía : páginas 148- 158 aHistoria, descripción e importancia de los granos andinos -- Información bibliométrica de publicaciones sobre los granos andinos -- Importancia de los granos andinos -- Propiedades nutricionales de los granos andinos -- Aceites vegetales fijos -- Resultados y experiencias de la investigación en aceites de granos andinos. a Granos andinos aPropiedades nutricionales aAceites vegetales  aCereales  aPerú aQuímica farmacéutica aCardeña Unda, Karina aRodríguez Torres, Lelia María  aTapia Delgado, Profeta aMolleda Gutiérrez, Ruth Sara